00826cam a2200205 a 450000100100000000500170001000800410002704000230006808200190009110000380011024500790014826000970022730000390032465000370036365000370040091000340043704900090047195201230048099900170060300001387020200929163358.0841016s1984 ho abc 001 0 spa  aDO-SdBNPcDLCdDLC a327.172bL864n1 aLópez Contreras, Carlos.93141214aLas negociaciones de paz :bmi punto de vista /cCarlos López Contreras. aHondura :bs.n.],c1984e(Tegucigalpa, Distrito Central, Honduras, C.A. :fImpr. Lithopress) axi, 224 p. :bil., mapas ;c22 cm. 4aMediación internacional931413 4aConflictos internacionales91885 aCatalogación por copia / LC aBNGR 001052708MOaGRbGRcCTd2009-11-30iLF1l0o327.172 L864np13870-10r2020-06-25w2020-06-25y2ZPréstamo interno c13476d13476